000 00328nam a2200133Ia 4500
005 20260328104248.0
008 260328s9999||||xx |||||||||||||| ||und||
100 _aGastman, Roger
245 4 _aThe History of American Graffiti /
_cRoger Gastman
260 _bHaper Design
300 _a405 p.
650 _aDIBUJO
942 _cBK
999 _c10141
_d10141